000 00286nam a2200121Ia 4500
008 241002s9999 xx 000 0 und d
082 _a943.8056 ARN
100 _aArnold, Stanislaw
245 0 _aOutline History of Poland
260 _aLondon:
_c1965
600 _aHistory
942 _cUC
999 _c18574
_d18574